Normal view
MARC view
- Russell, D. L.
Entry Nombre Personal
001 - NUMERO DE CONTROL
- campo de control: 53057
003 - IDENTIFICADOR DE NUMERO DE CONTROL
- campo de control: DLC
005 - FECHA Y HORA DE LA ÜLTIMA TRANSACCIÓN
- campo de control: 20240815130031.0
008 - DATOS DE LONGITUD FIJA
- campo de control de longitud fija: 970116n| acannaab| |a aaa c
010 ## - NÚMERO DE CONTROL DE LA BIBLIOTECA DEL CONGRESO
- Número de control LC: no 97003224
035 ## - NUMERO DE CONTROL
- Número de control: (OCoLC)oca04249170
040 ## - FUENTE DE CATALOGACIÓN
- Agencia original de catalogación: MdU
- Lenguaje de catalogación: spa
- Agencia de transcripción: MdU
100 1# - ENCABEZAMIENTO - NOMBRE PERSONAL
- Nombre personal: Russell, D. L.
- Fuller form of name: (David Lawson),
- Fechas asociadas con el nombre: 1921-
400 10 - VEÁSE - NOMBRE DE PERSONA
- Control subfield: nna
- Personal name: Russell, David Lawson,
- Dates associated with a name: 1921-
670 ## - FUENTE EN LA QUE SE LOCALIZARON DATOS
- Cita de la fuente: Applied psychology, 1966:
- Información localizada: portada (D.L. Russell)
670 ## - FUENTE EN LA QUE SE LOCALIZARON DATOS
- Cita de la fuente: LC database, Jan. 7, 1997
- Información localizada: (hdg.: Russell, David Lawson, 1921- ; usage: D.L. Russell)
670 ## - FUENTE EN LA QUE SE LOCALIZARON DATOS
- Cita de la fuente: Psicología aplicada, 1972:
- Información localizada: portada (David L. Russell)
902 ## - CATALOGADOR
- Catalogador: Víctor Ruiz/150824
